| 000 | 01172nam a22001457a 4500 | ||
|---|---|---|---|
| 999 |
_c523669 _d523669 |
||
| 008 | 230918b ||||| |||| 00| 0 eng d | ||
| 100 |
_aKoenig, Felix _943767 |
||
| 245 | _aTechnical change and superstar effects: Evidence from the rollout of television | ||
| 260 | _aThe American Economic Review: Insights | ||
| 300 | _a5(2), Jun, 2023: p.207-223 | ||
| 520 | _aTechnical change that extends market scale can generate winner-take-all dynamics, with large income growth among top earners. I test this "superstar model" in the entertainer labor market, where the historic rollout of television creates a natural experiment in scale-related technological change. The resulting inequality changes are consistent with superstar theory: the launch of a local TV station skews the entertainer wage distribution sharply to the right, with the biggest impact at the very top of the distribution, while negatively impacting workers below the star level. The findings provide evidence of superstar effects and distinguish such effects from popular alternative models.- Reproduced | ||
| 773 | _aThe American Economic Review: Insights | ||
| 906 | _aMASS MEDIA | ||
| 942 | _cAR | ||